000 01091nam a22002537a 4500
005 20081202121634.0
008 081202t xxu||||| |||| 00| 0 hin d
010 _aHIN-85314
020 _a8186919406
_c125.00
035 _aHN-57660
037 _bDBAD / PUB
040 _aDPL
_bHN
082 _a509.54
100 _aगर्ग, राजीव
245 _aभारत में विज्ञान /
_cराजीव गर्ग
246 _aBhaarata men vigyan
_bby Rajeev Garg
260 _aदिल्ली
_bसाहित्य भारती
_c2007
270 _aके-71, कृष्मनगर ,
_bदिल्ली
_e110 051
300 _a96पृ.
_bसचित्र
_c21सेमी(सजिल्द)
650 _aविज्ञान
_zभारत
650 _aScience
_zIndia
942 _2ddc
_cHN
_mगर्गरा
_h509.54
999 _c19362
_d19362